Vigotski: la construcción de la psique

Сохранить в:
Библиографические подробности
Главный автор: García González, Enrique (Автор)
Формат:
Язык:испанский
Опубликовано: Ciudad de México Trillas 2000
Серии:Biblioteca Grandes Educadores, 9
Предметы:
Метки: Добавить метку
Нет меток, Требуется 1-ая метка записи!

MARC

LEADER 00000nam a2200000 a 4500
001 UCN1983
003 CL-VaPUC
008 010504e20000000MX |||||||||||||||||spa|d
082 0 4 |a 370.1  |b GAR  |2 21 
100 |a García González, Enrique  |e author  |9 480823 
245 1 0 |a Vigotski: la construcción de la psique 
300 |a 147 p 
942 |c BK 
945 |d 20010504 00:00:00  |a cmena 
260 |a Ciudad de México  |b Trillas  |c 2000 
600 0 7 |a VYGOTSKI, LEV SEMIONOVICH  |2 CL-VaPUC  |9 312943 
650 0 |a Filosofía de la educación   |9 258384 
650 0 |a Métodos de enseñanza  |9 270413 
650 0 |a Psicología educacional   |9 307830 
583 |a last modification  |c 20010504 00:00:00  |k Rodrigo Vera 
490 0 |a Biblioteca Grandes Educadores, 9 
999 |c 295203  |d 295201 
952 |0 0  |1 0  |4 0  |6 370_100000000000000_GAR_2000  |7 0  |8 A  |9 348136  |a BIBEDU  |b BIBEDU  |d 2019-11-20  |i 3718131  |l 1  |o 370.1 GAR 2000  |p 3718131  |r 2024-04-09  |s 2024-04-05  |w 2019-11-20  |y BK  |k EPE